[Event "38th Olympiad"]
[Site "Dresden GER"]
[Date "2008.11.16"]
[Round "4"]
[White "Samhouri,A"]
[Black "Pitirotjirathon,J"]
[Result "0-1"]
[WhiteElo "2378"]
[BlackElo "2293"]
[EventDate "2008.11.13"]

1. e4 e6 2. d4 d5 3. Nd2 c5 4. exd5 Qxd5 5. Ngf3 cxd4 6. Bc4 Qd6 7. O-O Nf6
8. Nb3 Nc6 9. Nbxd4 Nxd4 10. Nxd4 a6 11. Re1 Bd7 12. c3 Qc7 13. Bb3 O-O-O
14. Qe2 Bd6 15. Nf3 Bc6 16. Ne5 Be4 17. f4 Bxe5 18. fxe5 Qxe5 19. Qc4+ Kb8
20. Bc2 Bd3 21. Qh4 Qf5 22. Bf4+ Ka8 23. Re5 Qg4 24. Qxg4 Nxg4 25. Rg5 Bxc2
26. Rxg4 Bg6 27. a4 f6 28. Be3 e5 29. Rc4 Rd7 30. a5 Bf7 31. Rc5 Kb8 32.
Kf2 Rc8 33. Rxc8+ Kxc8 34. Ra4 Rd1 35. Rb4 Bd5 36. g3 Kd7 37. h4 f5 38. Rb6
Ra1 39. Bc5 Bc6 40. Ba3 h6 41. Bf8 g5 42. Bxh6 gxh4 43. gxh4 Rh1 44. Rb4 f4
45. Bg5 Ke6 46. b3 Kf5 47. Rc4 Rh2+ 48. Kg1 Rg2+ 49. Kf1 Rb2 0-1

[Event "38th Olympiad"]
[Site "Dresden GER"]
[Date "2008.11.16"]
[Round "4"]
[White "Al Subaihi,K"]
[Black "Lorenzana,W"]
[Result "0-1"]
[WhiteElo "2187"]
[BlackElo "2202"]
[EventDate "2008.11.13"]

1. e4 c5 2. Nf3 e6 3. d4 cxd4 4. Nxd4 a6 5. Be2 Nf6 6. Qd3 Qc7 7. O-O b5 8.
f4 d6 9. Bf3 Bb7 10. a3 Nbd7 11. Nc3 Be7 12. Kh1 O-O 13. g4 h6 14. Qe2 Qc4
15. Qxc4 bxc4 16. h4 Nc5 17. Re1 Nfd7 18. g5 hxg5 19. hxg5 g6 20. Kg2 Rfe8
21. f5 gxf5 22. exf5 Bxf3+ 23. Kxf3 Ne5+ 24. Kg2 Rab8 25. f6 Bf8 26. Rb1
Ng6 27. Kg3 d5 28. Kg4 Rbd8 29. Bd2 e5 30. Nf5 Re6 31. Nh4 Nxh4 32. Kxh4 e4
33. Ne2 d4 34. Nf4 Ree8 35. Kg4 e3 36. Ba5 Rd7 37. Rh1 Ne4 38. Rh5 d3 39.
cxd3 cxd3 40. Kf3 d2 41. Rd1 Nf2 0-1

[Event "38th Olympiad"]
[Site "Dresden GER"]
[Date "2008.11.16"]
[Round "4"]
[White "Quinones,Ces"]
[Black "Al Hadarani,H"]
[Result "0-1"]
[WhiteElo "2312"]
[BlackElo "2308"]
[EventDate "2008.11.13"]

1. e4 c6 2. d4 g6 3. Nc3 d5 4. exd5 cxd5 5. Qf3 Nf6 6. Bg5 Be6 7. Bb5+ Nc6
8. Nge2 Bg7 9. h3 O-O 10. O-O h6 11. Be3 Bf5 12. Bxc6 bxc6 13. Rfc1 e5 14.
Ng3 Bc8 15. dxe5 Nd7 16. Qd1 Nxe5 17. Bd4 Qh4 18. Nce2 g5 19. c4 g4 20.
Bxe5 Bxe5 21. hxg4 Bxg4 22. Qc2 Rfe8 23. f4 Bxf4 24. Nxf4 Qxg3 25. Rf1 Re4
26. Qd2 Rxc4 27. Nxd5 Kg7 0-1

[Event "38th Olympiad"]
[Site "Dresden GER"]
[Date "2008.11.16"]
[Round "4"]
[White "Al Zendani,Z"]
[Black "Galvez Dastin,E"]
[Result "1-0"]
[WhiteElo "2400"]
[BlackElo "2178"]
[EventDate "2008.11.13"]

1. e4 c6 2. d4 d5 3. Nc3 dxe4 4. Nxe4 Bf5 5. Ng3 Bg6 6. Nf3 Nf6 7. Ne5 Nbd7
8. Nxg6 hxg6 9. Bc4 e6 10. O-O Qc7 11. Qe2 Be7 12. Bb3 O-O-O 13. c4 Rh4 14.
Rd1 Rdh8 15. h3 Nh5 16. Nxh5 R8xh5 17. d5 Bc5 18. dxe6 fxe6 19. Qxe6 Re5
20. Qxg6 Rhe4 21. Be3 Bxe3 22. fxe3 Nf8 23. Qd6 Qxd6 24. Rxd6 Rxe3 25. Rf1
Kc7 26. Rd2 Ne6 27. Rf7+ Kb6 28. Bd1 a5 29. Bg4 Nc5 30. Rxg7 R5e4 31. b3
Nd3 32. Bf5 1-0

[Event "38th Olympiad"]
[Site "Dresden GER"]
[Date "2008.11.16"]
[Round "4"]
[White "Farazi,K"]
[Black "Brittner,S"]
[Result "0-1"]
[WhiteElo "2207"]
[BlackElo "2218"]
[EventDate "2008.11.13"]

1. Nf3 Nf6 2. d4 e6 3. c4 c5 4. d5 b5 5. dxe6 fxe6 6. cxb5 d5 7. e3 Bd6 8.
Nc3 Nbd7 9. a4 O-O 10. Be2 Bb7 11. O-O Rc8 12. a5 e5 13. Bc4 e4 14. Nxe4
Bc7 15. Ba2 Kh8 16. Ng3 Bxa5 17. Ng5 Qb6 18. Qa4 Bb4 19. Bb1 h6 20. Nf3 a6
21. bxa6 Ra8 22. Qc2 Bxa6 23. Rd1 Bd3 24. Qxd3 Rxa1 25. e4 c4 26. Qc2 Ng4
27. Nh1 d4 28. Nxd4 Nde5 29. h3 Bc5 30. Nf5 Nxf2 31. Nxf2 Nd3 32. Rxd3 cxd3
33. Qxd3 Bxf2+ 34. Kh1 Rd8 35. Qc3 Rd1+ 36. Kh2 Bg1+ 37. Kg3 Qg6+ 38. Kh4
Bf2+ 39. g3 Qf6+ 40. Qxf6 gxf6 41. Bxh6 Raxb1 42. Bg7+ Kh7 43. Bxf6 Re1 44.
Kh5 Rxe4 45. g4 Rh1 46. h4 Rg1 47. b4 Rexg4 48. Bg5 Rxb4 49. Nd6 Bxh4 0-1

[Event "38th Olympiad"]
[Site "Dresden GER"]
[Date "2008.11.16"]
[Round "4"]
[White "Jeitz,C"]
[Black "Sharify,A"]
[Result "0-1"]
[WhiteElo "2251"]
[BlackElo "2118"]
[EventDate "2008.11.13"]

1. e4 e5 2. Nf3 Nc6 3. Bb5 a6 4. Ba4 Nf6 5. O-O Be7 6. Bxc6 dxc6 7. d3 Bg4
8. h3 Bxf3 9. Qxf3 Qd6 10. Nd2 Qe6 11. Nc4 Nd7 12. Qe2 g5 13. Ne3 h5 14.
Nf5 O-O-O 15. c3 Rdg8 16. b4 Nf6 17. a4 Bf8 18. Be3 Ne8 19. b5 a5 20. b6
Nd6 21. bxc7 Nxf5 22. exf5 Qxf5 23. Rfb1 Qd7 24. Rb6 g4 25. h4 g3 26. Rab1
gxf2+ 27. Qxf2 Bd6 28. Rxb7 Bxc7 29. Ra7 Qe6 30. Rbb7 Bd6 31. Rxf7 Bb8 32.
Ra8 c5 33. Qf3 e4 34. Qf4 Rxg2+ 35. Kxg2 Rg8+ 36. Kh2 Qa2+ 37. Bf2 Qxf2+
0-1

[Event "38th Olympiad"]
[Site "Dresden GER"]
[Date "2008.11.16"]
[Round "4"]
[White "Roselli Mailhe,B"]
[Black "Ermenkov,Evgenij"]
[Result "1/2-1/2"]
[WhiteElo "2368"]
[BlackElo "2465"]
[EventDate "2008.11.13"]

1. d4 Nf6 2. c4 c5 3. d5 e5 4. Nc3 d6 5. e4 Be7 6. g3 O-O 7. Bg2 Ne8 8.
Nge2 g6 9. O-O Nd7 10. Be3 Ng7 11. Qd2 f5 12. f4 fxe4 13. Nxe4 Nf5 14. Bf2
exf4 15. Nxf4 Ne5 16. b3 Bg5 17. Nxg5 Qxg5 18. Qd1 Ng4 19. Qd3 Nxf2 20.
Rxf2 Nd4 21. Raf1 Bf5 22. Be4 Bd7 23. h4 Qg4 24. Bg2 Rxf4 25. Rxf4 Ne2+ 26.
Kh2 Nxf4 27. Rxf4 Qh5 28. Bh3 Bxh3 29. Kxh3 Re8 30. Rf2 Kg7 31. Qc3+
1/2-1/2

[Event "38th Olympiad"]
[Site "Dresden GER"]
[Date "2008.11.16"]
[Round "4"]
[White "Ihsan,J"]
[Black "Rodriguez,Sa"]
[Result "0-1"]
[WhiteElo "2166"]
[BlackElo "2262"]
[EventDate "2008.11.13"]

1. c4 e5 2. Nc3 Nc6 3. g3 f5 4. Bg2 Nf6 5. d3 Bc5 6. e3 O-O 7. Nge2 d6 8.
O-O Qe8 9. Na4 a6 10. Nxc5 dxc5 11. b3 b6 12. d4 e4 13. a3 Bb7 14. Bb2 Rd8
15. Qc2 cxd4 16. exd4 a5 17. Qc3 Rd7 18. b4 a4 19. d5 Nd8 20. Nd4 Qh5 21.
b5 Bc8 22. Qd2 Rd6 23. Qe2 Qg6 24. Nc6 Nxc6 25. bxc6 Ba6 26. Qc2 Re8 27.
Qxa4 Bc8 28. Qb3 f4 29. gxf4 e3 30. Bxf6 exf2+ 31. Rxf2 Qxf6 32. Qb2 Qh4
33. Raf1 Rh6 34. Bh1 Bh3 35. Bg2 Bf5 36. Bh1 Bd3 37. Rc1 Rg6+ 38. Bg2 Rh6
39. Bh1 Re3 40. Qd2 Rg3+ 41. Rg2 Qxh2+ 42. Kf2 Rxg2+ 43. Bxg2 Rg6 0-1

[Event "38th Olympiad"]
[Site "Dresden GER"]
[Date "2008.11.16"]
[Round "4"]
[White "Phillips,R"]
[Black "Eid,Fa"]
[Result "0-1"]
[WhiteElo "2250"]
[BlackElo "2390"]
[EventDate "2008.11.13"]

1. e4 d5 2. exd5 Nf6 3. d4 Bg4 4. Be2 Bxe2 5. Qxe2 Qxd5 6. Nf3 e6 7. O-O
Bd6 8. c4 Qh5 9. Nc3 Nc6 10. Be3 O-O-O 11. c5 Be7 12. b4 e5 13. Nxe5 Qxe2
14. Nxe2 Nxe5 15. dxe5 Ng4 16. Bd4 Rd5 17. Bc3 g5 18. f4 Rhd8 19. fxg5 Bxg5
20. Nf4 Bxf4 21. Rxf4 Rd1+ 22. Rf1 R1d3 23. Rac1 Ne3 24. Rf3 Nd1 25. Be1
Rxf3 26. gxf3 Nb2 27. Kf1 Nd3 28. Rd1 Nxe5 29. Rxd8+ Kxd8 30. Ke2 Kd7 31.
Bc3 Ng6 32. Ke3 Ke6 33. Ke4 c6 34. Be1 f5+ 35. Kd4 Ne5 36. Ke3 Kd5 37. Bc3
Ng6 38. Kd3 Nh4 39. f4 a5 40. bxa5 Kxc5 41. a4 Kd5 42. h3 Ng6 43. Bd2 Nf8
44. Bc1 Ne6 45. Be3 h6 46. Bd2 Nc5+ 47. Ke3 Kc4 48. Kf3 Ne4 49. Be1 Kd3 50.
Bb4 c5 0-1

[Event "38th Olympiad"]
[Site "Dresden GER"]
[Date "2008.11.16"]
[Round "4"]
[White "Chinasamy,D"]
[Black "Kassis,A LIB"]
[Result "0-1"]
[WhiteElo "2086"]
[BlackElo "2238"]
[EventDate "2008.11.13"]

1. e4 c5 2. Nc3 a6 3. f4 b5 4. Nf3 Bb7 5. d3 e6 6. g3 b4 7. Ne2 f5 8. Nd2
Nf6 9. Bg2 Be7 10. O-O Qc7 11. exf5 Bxg2 12. Kxg2 exf5 13. Ng1 O-O 14. Nc4
d5 15. Ne3 g6 16. b3 Nc6 17. Bb2 Rad8 18. Nf3 d4 19. Nc4 Nd5 20. Re1 Bf6
21. Qd2 Na5 22. Nxa5 Ne3+ 23. Kf2 Qxa5 24. a3 Qb6 25. axb4 cxb4 26. Ra4 a5
27. Rea1 Rc8 28. Ne1 Rc5 29. Rc1 Rfc8 30. Ba1 Qc6 31. Kg1 Nxc2 32. Nxc2
Rxc2 33. Rxc2 Qxc2 34. Qxc2 Rxc2 35. Rxa5 Rd2 36. Ra6 Kg7 37. Rxf6 Kxf6 38.
Bxd4+ Ke6 39. Bc5 Rxd3 40. Bxb4 Rxb3 41. Bf8 Rb2 42. Bg7 Ra2 43. Bd4 Kd5
44. Bf2 Ke4 45. Be1 Kf3 46. Bc3 Rc2 47. Be1 Rc1 48. Kf1 Rb1 0-1

[Event "38th Olympiad"]
[Site "Dresden GER"]
[Date "2008.11.16"]
[Round "4"]
[White "Sakr,N"]
[Black "Li Ying,P"]
[Result "0-1"]
[WhiteElo "2121"]
[BlackElo "2153"]
[EventDate "2008.11.13"]

1. Nf3 g6 2. g3 Bg7 3. Bg2 Nf6 4. O-O O-O 5. d3 d6 6. e4 c6 7. h3 e5 8. c3
b6 9. Nbd2 Bb7 10. Re1 Nbd7 11. a4 Re8 12. a5 Nc5 13. Qc2 Ba6 14. c4 b5 15.
b4 Ne6 16. Bb2 Nd7 17. Rac1 c5 18. cxb5 Bxb5 19. Nc4 Qc7 20. Na3 Qb7 21.
Nxb5 Qxb5 22. bxc5 Ndxc5 23. Red1 Qxa5 24. d4 exd4 25. Nxd4 Nxd4 26. Bxd4
Bxd4 27. Rxd4 Rad8 28. h4 Qb6 29. Rd5 Na6 30. Rb1 Nb4 31. Qa4 Rb8 32. Ra5
a6 33. h5 Re5 34. Rxe5 dxe5 35. Bf1 Qd4 36. hxg6 hxg6 37. Re1 Rc8 38. Qa1
Rc3 39. Kg2 Nc2 40. Qd1 Nxe1+ 41. Qxe1 a5 42. Bb5 Qb4 43. Kh2 Rb3 0-1

[Event "38th Olympiad"]
[Site "Dresden GER"]
[Date "2008.11.16"]
[Round "4"]
[White "Hamperl,F"]
[Black "Zhao Zong Yuan"]
[Result "0-1"]
[WhiteElo "2076"]
[BlackElo "2567"]
[EventDate "2008.11.13"]

1. e4 c6 2. Nc3 d5 3. Qf3 Nf6 4. e5 Nfd7 5. d4 c5 6. dxc5 e6 7. Bb5 Nc6 8.
Nge2 Nxc5 9. Nd4 Bd7 10. Nxc6 bxc6 11. Be2 Rb8 12. O-O Be7 13. b3 O-O 14.
Qg3 Kh8 15. Be3 Qa5 16. Bd2 Qc7 17. b4 Nb7 18. Rfb1 c5 19. Nb5 Bxb5 20.
Bxb5 cxb4 21. Bxb4 Bxb4 22. Rxb4 Nc5 23. Rab1 Ne4 24. Qe3 Nc3 25. R1b3 Nxa2
26. Rh4 Qxc2 27. g4 Rfc8 28. Qh3 Rxb5 29. Rxb5 Nc3 30. Rb4 a5 31. Rb2 Ne2+
32. Kg2 Nf4+ 33. Kg3 Qd3+ 34. Kxf4 Rc4+ 35. Kg5 Qg6+ 0-1

[Event "38th Olympiad"]
[Site "Dresden GER"]
[Date "2008.11.16"]
[Round "4"]
[White "Solomon,SJ"]
[Black "Ozanne,M2"]
[Result "1-0"]
[WhiteElo "2470"]
[BlackElo "2042"]
[EventDate "2008.11.13"]

1. e4 c5 2. Nf3 d6 3. d4 cxd4 4. Nxd4 Nf6 5. Nc3 a6 6. Bg5 e6 7. f4 Be7 8.
Qf3 Qc7 9. O-O-O Nbd7 10. Bd3 h6 11. Bh4 g5 12. fxg5 Ne5 13. Qe2 Nfg4 14.
Nf3 hxg5 15. Bxg5 Bxg5+ 16. Nxg5 Qc5 17. Nh3 b5 18. Rdf1 b4 19. Nd1 a5 20.
Nf4 a4 21. h3 Nxd3+ 22. Nxd3 Qg5+ 23. Qd2 Qxd2+ 24. Kxd2 Ne5 25. Nxb4 Bb7
26. Nc3 f5 27. exf5 Bxg2 28. fxe6 Bxh1 29. Rxh1 O-O 30. Ncd5 Rf2+ 31. Ke3
Rf3+ 32. Ke2 Rg3 33. e7 Rg2+ 34. Kf1 Rd2 35. Nc7 Kf7 36. Nxa8 Nf3 37. Nd5
1-0

[Event "38th Olympiad"]
[Site "Dresden GER"]
[Date "2008.11.16"]
[Round "4"]
[White "Kirby,P"]
[Black "Johansen,D"]
[Result "0-1"]
[WhiteElo "2049"]
[BlackElo "2446"]
[EventDate "2008.11.13"]

1. e4 c5 2. Nf3 e6 3. d3 Nc6 4. g3 g6 5. Bg2 Bg7 6. O-O Nge7 7. Nbd2 O-O 8.
Re1 e5 9. Nf1 d6 10. Ne3 h6 11. c3 Be6 12. a3 a5 13. b3 f5 14. Nd2 d5 15.
exd5 Nxd5 16. Nxd5 Bxd5 17. Qc2 Bxg2 18. Kxg2 Qd5+ 19. f3 Rad8 20. d4 cxd4
21. c4 Qf7 22. Bb2 b6 23. c5 b5 24. Qd3 Rb8 25. Re2 Qd5 26. Rc1 Rfe8 27.
Kg1 h5 28. Kf2 Re7 29. Ba1 e4 30. fxe4 Ne5 31. Qb1 fxe4 32. Rxe4 Rf8+ 33.
Rf4 Ng4+ 34. Kg1 Rxf4 35. gxf4 0-1

[Event "38th Olympiad"]
[Site "Dresden GER"]
[Date "2008.11.16"]
[Round "4"]
[White "Xie,G"]
[Black "Brookfield,T"]
[Result "1-0"]
[WhiteElo "2403"]
[BlackElo "1763"]
[EventDate "2008.11.13"]

1. d4 f5 2. Bg5 g6 3. Nc3 Bg7 4. e4 fxe4 5. Nxe4 d5 6. Nc5 b6 7. Nd3 Nc6 8.
c3 Nf6 9. Ne5 Nxe5 10. dxe5 Ne4 11. Bb5+ Kf8 12. Qf3+ Kg8 13. Bf4 g5 14.
Bc6 Rb8 15. O-O-O Be6 16. Bg3 Bf7 17. e6 Bxe6 18. Ne2 Bf7 19. Nd4 e6 20.
Ba4 a5 21. Bc2 Qf6 22. Bxe4 dxe4 23. Qxe4 Bh6 24. Qg4 e5 25. Nf5 Be6 26.
Nxh6+ Qxh6 27. Qe2 Bxa2 28. Qxe5 Qg6 29. Qxc7 Re8 30. Be5 g4 31. f4 Bb3 32.
Rd2 Ba2 33. Rd8 Qb1+ 34. Kd2 Qxb2+ 35. Ke3 1-0

[Event "38th Olympiad"]
[Site "Dresden GER"]
[Date "2008.11.16"]
[Round "4"]
[White "Van Hoolandt,P"]
[Black "Garcia,Rau"]
[Result "1/2-1/2"]
[WhiteElo "2231"]
[BlackElo "2257"]
[EventDate "2008.11.13"]

1. d4 d5 2. c4 c6 3. cxd5 cxd5 4. Nf3 Nf6 5. Nc3 Nc6 6. Bf4 a6 7. Rc1 e6 8.
e3 Bd7 9. Bd3 Be7 10. Ne5 Rc8 11. O-O O-O 12. Qf3 b5 13. Qh3 g6 14. Bh6 Re8
15. f4 Na5 16. f5 exf5 17. Nxd7 Qxd7 18. Bxf5 gxf5 19. Qg3+ Ng4 20. h3 Bd6
21. Bf4 Bxf4 22. Rxf4 Rxe3 23. Rxg4+ fxg4 24. Qxe3 b4 25. Qg5+ Kf8 26. Qh6+
Kg8 27. Qg5+ Kf8 28. Qh6+ Kg8 1/2-1/2

[Event "38th Olympiad"]
[Site "Dresden GER"]
[Date "2008.11.16"]
[Round "4"]
[White "Jose Queralto,D"]
[Black "Gentilleau,JP"]
[Result "1/2-1/2"]
[WhiteElo "2125"]
[BlackElo "2158"]
[EventDate "2008.11.13"]

1. e4 g6 2. d4 Bg7 3. Nf3 d6 4. Be2 Nf6 5. Nc3 O-O 6. O-O c6 7. h3 Nbd7 8.
Bf4 Nh5 9. Bh2 e5 10. dxe5 dxe5 11. Qd6 Qa5 12. a3 Nf4 13. Bc4 Qc5 14. Qxc5
Nxc5 15. Rfd1 b5 16. Ba2 a5 17. Nd2 Be6 18. Kf1 Rfd8 19. Bxe6 Ncxe6 20. Nf3
b4 21. Ne2 Nc5 22. Nxf4 exf4 23. axb4 Rxd1+ 24. Rxd1 axb4 25. b3 Ne6 26. g3
fxg3 27. Bxg3 Bc3 28. Be5 Nc5 29. Bxc3 bxc3 30. Re1 Rd8 31. Re3 Nxb3 32.
Rxc3 Nd4 33. Rd3 Ne6 34. Rxd8+ Nxd8 35. Ke2 Kf8 36. Ke3 Ke7 37. e5 Ne6 38.
Nd2 f6 39. exf6+ Kxf6 40. h4 Kf5 41. Ne4 Ke5 1/2-1/2

[Event "38th Olympiad"]
[Site "Dresden GER"]
[Date "2008.11.16"]
[Round "4"]
[White "Lebel,P"]
[Black "Fernandez Lopez,Jo"]
[Result "1/2-1/2"]
[WhiteElo "2187"]
[BlackElo "2095"]
[EventDate "2008.11.13"]

1. b4 d5 2. Bb2 Qd6 3. a3 e5 4. e3 Bf5 5. Nf3 f6 6. c4 dxc4 7. Bxc4 Bd3 8.
Qb3 Bxc4 9. Qxc4 Nd7 10. Nc3 Nb6 11. Qe4 O-O-O 12. Rc1 Qd3 13. Qxd3 Rxd3
14. Ke2 Rd8 15. Ne4 Ne7 16. d4 exd4 17. Nxd4 Ned5 18. Rhd1 Re8 19. Nc5 Bxc5
20. bxc5 Na4 21. Ba1 Nf4+ 22. Kf3 Ne6 23. Nxe6 Rxe6 24. Rc4 b5 25. cxb6
Nxb6 26. Rg4 Re7 27. Bc3 Rhe8 28. Bb4 Rf7 29. Rgd4 Rd7 30. Bc5 Red8 31. Rc1
Rxd4 32. Bxd4 Rd5 33. h4 1/2-1/2

[Event "38th Olympiad"]
[Site "Dresden GER"]
[Date "2008.11.16"]
[Round "4"]
[White "Warner,De"]
[Black "Hussein,HA"]
[Result "0-1"]
[WhiteElo "2226"]
[BlackElo "2354"]
[EventDate "2008.11.13"]

1. d4 Nf6 2. c4 e6 3. Nc3 Bb4 4. Qc2 O-O 5. a3 Bxc3+ 6. Qxc3 d6 7. Nf3 Nbd7
8. e3 b6 9. Be2 Bb7 10. O-O c5 11. b4 Rc8 12. dxc5 bxc5 13. Bb2 Nb6 14. Qb3
Ne4 15. Rfd1 Qe7 16. b5 d5 17. a4 Rfd8 18. a5 dxc4 19. Bxc4 Nxc4 20. Qxc4
Bd5 21. Qa4 c4 22. Rac1 c3 23. Ba3 Qf6 24. Qd4 Qh6 25. Qxa7 Ng5 26. Ne1
Nh3+ 27. Kf1 Bc4+ 28. Nd3 Rxd3 29. Rxd3 Bxd3+ 30. Ke1 Qf6 31. gxh3 Qf3 0-1

[Event "38th Olympiad"]
[Site "Dresden GER"]
[Date "2008.11.16"]
[Round "4"]
[White "Hussein,NA"]
[Black "Del Castilho,M"]
[Result "1-0"]
[WhiteElo "2338"]
[BlackElo "2161"]
[EventDate "2008.11.13"]

1. e4 e5 2. Nc3 Nf6 3. f4 d5 4. fxe5 Nxe4 5. Nf3 c5 6. Bd3 Nxc3 7. dxc3 Be7
8. O-O Nc6 9. Qe1 Be6 10. Qg3 Qc7 11. Qxg7 O-O-O 12. Bxh7 c4 13. Be3 Qd7
14. Ng5 Bxg5 15. Bxg5 f6 16. Qxd7+ Rxd7 17. Rxf6 Rdxh7 18. Rxe6 Rxh2 19.
Rf1 Nxe5 20. Rf8+ Rxf8 21. Kxh2 Nf7 22. Bh4 Rh8 23. Kg3 a6 24. Bf6 Rg8+ 25.
Kf4 Nd8 26. Re2 Kd7 27. g4 Ne6+ 28. Kf5 Nc5 29. Re7+ Kd6 30. g5 Nd7 31.
Re6+ Kc7 32. g6 Nf8 33. Re7+ Kd6 34. g7 Nd7 35. Re6+ Kc7 36. Bd4 Kd8 37. a4
b5 38. Rxa6 1-0

[Event "38th Olympiad"]
[Site "Dresden GER"]
[Date "2008.11.16"]
[Round "4"]
[White "Corbin,Ph"]
[Black "Mohsen,A"]
[Result "0-1"]
[WhiteElo "2176"]
[BlackElo "2221"]
[EventDate "2008.11.13"]

1. e4 c6 2. d4 d5 3. Nc3 dxe4 4. Nxe4 Nd7 5. Nf3 Ngf6 6. Ng3 e6 7. Bd3 h6
8. Qe2 Be7 9. Bd2 b6 10. c4 Bb7 11. O-O O-O 12. Rfe1 Bd6 13. Bc3 Re8 14.
Ne5 Qc7 15. Nh5 Nxh5 16. Qxh5 Nf6 17. Qh4 c5 18. Re3 Kf8 19. Rae1 Rad8 20.
d5 exd5 21. Ng6+ fxg6 22. Bxf6 Rxe3 23. Rxe3 Re8 24. Rxe8+ Kxe8 25. Bxg6+
Kf8 26. Bd8 Qd7 27. cxd5 Bxd5 28. b3 Qe6 29. Bd3 Ke8 30. Bb5+ Kf8 31. Qh5
c4 32. Qd1 c3 33. Bd3 g5 34. Qh5 c2 35. Bxg5 hxg5 36. Qh8+ Ke7 37. Qg7+ Kd8
38. Qh8+ Kc7 39. Qc3+ Kb7 40. Qxc2 Bc6 41. a4 Qe5 42. Kf1 Qxh2 43. Ba6+ Kc7
44. Qf5 Qxg2+ 45. Ke2 Qe4+ 46. Qxe4 Bxe4 47. Ke3 Bd5 48. Bb5 Bc5+ 49. Ke2
Bxb3 50. Kf3 Bd5+ 51. Kg4 Bxf2 52. Kxg5 Bc6 0-1

[Event "38th Olympiad"]
[Site "Dresden GER"]
[Date "2008.11.16"]
[Round "4"]
[White "Albadri,A"]
[Black "Daniel,K"]
[Result "1-0"]
[WhiteElo "2163"]
[BlackElo "2001"]
[EventDate "2008.11.13"]

1. d4 d5 2. c4 e6 3. e3 Nf6 4. Nf3 c6 5. Bd3 Bd6 6. b3 Nbd7 7. Bb2 b6 8.
O-O Qc7 9. Nbd2 O-O 10. Qe2 Bb7 11. e4 dxe4 12. Nxe4 Be7 13. Ne5 h6 14.
Rad1 Nxe4 15. Bxe4 Nf6 16. Bb1 c5 17. dxc5 Bxc5 18. Ng4 Nxg4 19. Qxg4 e5
20. Rd7 Qc6 21. Bxe5 g5 22. Rc7 Bc8 23. Qe2 Qe6 24. Qe4 Qf5 25. Qxa8 Qxe5
26. Rxc8 Qe2 27. Rxf8+ Bxf8 28. Qe4 1-0

[Event "38th Olympiad"]
[Site "Dresden GER"]
[Date "2008.11.16"]
[Round "4"]
[White "Alice,M"]
[Black "Corke,A"]
[Result "1/2-1/2"]
[WhiteElo "2201"]
[BlackElo "2301"]
[EventDate "2008.11.13"]

1. e4 e6 2. Qe2 c5 3. f4 Nc6 4. Nf3 a6 5. d3 b5 6. Be3 Nf6 7. c3 Bb7 8. g3
Be7 9. Bg2 d5 10. e5 Ng4 11. Bd2 Nh6 12. O-O Qb6 13. Kh1 b4 14. Be3 Nf5 15.
Bf2 h5 16. h3 a5 17. Kh2 Ba6 18. Nbd2 a4 19. c4 Rd8 20. Rfc1 d4 21. Ne4 Bb7
22. Rh1 Kd7 23. Rae1 Kc8 24. Neg5 Rdf8 25. Kg1 Nd8 26. Ne4 Bc6 27. Rh2 Qc7
28. Neg5 Qb7 29. Qd1 Qd7 30. Qe2 Qb7 31. Qd1 Qd7 32. Qe2 Qb7 1/2-1/2

[Event "38th Olympiad"]
[Site "Dresden GER"]
[Date "2008.11.16"]
[Round "4"]
[White "Lam Mingo Kwok Wai"]
[Black "Chambule,P"]
[Result "1/2-1/2"]
[WhiteElo "1665"]
[BlackElo "2100"]
[EventDate "2008.11.13"]

1. e4 e5 2. Nc3 Nf6 3. f4 d6 4. Nf3 exf4 5. d4 Bg4 6. Bxf4 Be7 7. Bc4 c6 8.
Qd3 b5 9. Bb3 b4 10. Ne2 d5 11. exd5 cxd5 12. Ng3 O-O 13. O-O Nh5 14. Ne5
Nxf4 15. Rxf4 Be6 16. Nf5 Bg5 17. Qg3 g6 18. Rg4 Bxf5 19. Rxg5 Be4 20. Re1
a5 21. Rxe4 dxe4 22. Rxg6+ hxg6 23. Qxg6+ Kh8 1/2-1/2

[Event "38th Olympiad"]
[Site "Dresden GER"]
[Date "2008.11.16"]
[Round "4"]
[White "Adu,O"]
[Black "Kim,Alex"]
[Result "1-0"]
[WhiteElo "2298"]
[BlackElo "2481"]
[EventDate "2008.11.13"]

1. e4 c5 2. Nf3 Nc6 3. d3 g6 4. g3 Bg7 5. Bg2 d6 6. O-O e5 7. c3 Nf6 8.
Nbd2 O-O 9. a4 h6 10. Nc4 Be6 11. Nfd2 d5 12. exd5 Bxd5 13. Bh3 Re8 14. Re1
b6 15. Ne3 Be6 16. Bg2 Rc8 17. Ndc4 Nd5 18. Ng4 e4 19. Nxh6+ Kh7 20. Bxe4
Nf6 21. Bxc6 Rxc6 22. Ne5 Rc7 23. Qd2 Qd5 24. f3 Bh3 25. d4 cxd4 26. cxd4
Rxc1 27. Raxc1 Bxh6 28. f4 Ne4 29. Qd3 Rxe5 30. fxe5 Qc5 1-0

[Event "38th Olympiad"]
[Site "Dresden GER"]
[Date "2008.11.16"]
[Round "4"]
[White "Grooten,H"]
[Black "Elliott,W"]
[Result "1-0"]
[WhiteElo "2376"]
[BlackElo "2264"]
[EventDate "2008.11.13"]

1. d4 Nf6 2. Nf3 c5 3. d5 g6 4. c4 b5 5. cxb5 a6 6. b6 Qxb6 7. Nc3 Bg7 8.
e4 d6 9. Be2 O-O 10. Nd2 Nbd7 11. Nc4 Qc7 12. Bg5 Nb6 13. Ne3 Rb8 14. Rc1
Qb7 15. O-O Bd7 16. a4 Na8 17. Qd3 Nc7 18. Nc4 Qb4 19. Bd1 h6 20. Bd2 Qb7
21. f4 Rfd8 22. Qg3 Kh7 23. Qh4 Rh8 24. f5 gxf5 25. Bc2 Kg8 26. Rce1 fxe4
27. Bxe4 Qb3 28. Nxd6 Rb4 29. Qg3 Qxb2 30. Rf2 exd6 31. Bc1 Nxe4 32. Nxe4
Rxe4 33. Rxb2 Rxe1+ 34. Qxe1 Bd4+ 35. Kh1 Bxb2 36. Bxb2 Rh7 37. Qg3+ 1-0

[Event "38th Olympiad"]
[Site "Dresden GER"]
[Date "2008.11.16"]
[Round "4"]
[White "Matthews,S"]
[Black "Dekker,Marv"]
[Result "1-0"]
[WhiteElo "2179"]
[BlackElo "2130"]
[EventDate "2008.11.13"]

1. e4 c5 2. Nf3 Nc6 3. d4 cxd4 4. Nxd4 e5 5. Nb5 a6 6. Nd6+ Bxd6 7. Qxd6
Qf6 8. Qd1 Qg6 9. Nc3 d5 10. Nxd5 Qxe4+ 11. Ne3 Be6 12. Bd3 Qb4+ 13. c3 Qd6
14. O-O Rd8 15. Bc2 Qxd1 16. Rxd1 Rxd1+ 17. Bxd1 Nge7 18. Be2 O-O 19. f3
Rd8 20. Kf2 f6 21. b4 Nd5 22. Nxd5 Bxd5 23. a4 e4 24. f4 Bb3 25. Be3 Ne7
26. c4 Nf5 27. c5 Nxe3 28. Kxe3 f5 29. a5 Rc8 30. g4 g6 31. gxf5 gxf5 32.
Kd4 Kf7 33. Ke5 Rd8 34. Kxf5 Rd4 35. Ke5 Rxb4 36. Rb1 e3 37. f5 Re4+ 38.
Kxe4 Bc2+ 39. Kxe3 Bxb1 40. Kf4 Kf6 41. Bf3 Bxf5 42. Bxb7 Bd3 43. c6 1-0

[Event "38th Olympiad"]
[Site "Dresden GER"]
[Date "2008.11.16"]
[Round "4"]
[White "Mensing,F"]
[Black "Rowe,D"]
[Result "1-0"]
[WhiteElo "2119"]
[BlackElo "2203"]
[EventDate "2008.11.13"]

1. d4 Nf6 2. Nf3 e6 3. c4 c5 4. Nc3 a6 5. g3 cxd4 6. Nxd4 Be7 7. Bg2 O-O 8.
O-O Qc7 9. Qa4 d6 10. Ndb5 Qd8 11. Rd1 Bd7 12. Bxb7 Ra7 13. Bg2 Rc7 14. Be3
Qc8 15. Qa5 axb5 16. cxb5 d5 17. Bf4 Rc4 18. a3 Bc5 19. Bf1 Qb7 20. Na2 Bb6
21. Qe1 Ne4 22. e3 Rc2 23. Bd3 Rxb2 24. Bxe4 dxe4 25. a4 Rb3 26. Nc1 Rd3
27. Nxd3 exd3 28. Rxd3 e5 29. a5 Bc5 30. Rc1 Bh3 31. e4 Qxb5 32. Rd5 Na6
33. Be3 1-0

[Event "38th Olympiad"]
[Site "Dresden GER"]
[Date "2008.11.16"]
[Round "4"]
[White "Arosemena,J"]
[Black "Georgiev,Ves"]
[Result "0-1"]
[WhiteElo "2201"]
[BlackElo "2372"]
[EventDate "2008.11.13"]

1. e4 d6 2. d4 Nf6 3. Nc3 g6 4. Be2 Bg7 5. h4 c5 6. dxc5 Qa5 7. Qd3 Qxc5 8.
Be3 Qa5 9. Qb5+ Nc6 10. Qxa5 Nxa5 11. h5 Nxh5 12. Nb5 Kd8 13. O-O-O Bd7 14.
Bxa7 Nf4 15. Bb6+ Kc8 16. Bf1 Ne6 17. Kb1 h5 18. Rh3 Nc6 19. Rdd3 Ra6 20.
Be3 Nc5 21. Bxc5 Bxh3 22. Bxd6 Be6 23. Ba3 Bc4 24. Rd1 Bxf1 25. Rxf1 Rd8
26. Nf3 Ra4 27. Ng5 Bf6 28. Nxf7 Rd2 29. e5 Nxe5 30. Nxe5 Bxe5 31. Bxe7 Rf4
32. Bc5 Rd5 33. Na7+ Kb8 34. Be3 Re4 35. c4 Rxc4 36. Rc1 Rxc1+ 37. Kxc1 g5
38. a4 Bf4 39. Bxf4+ gxf4 40. Nb5 Rg5 0-1

[Event "38th Olympiad"]
[Site "Dresden GER"]
[Date "2008.11.16"]
[Round "4"]
[White "Parfenov,P"]
[Black "Pan,L"]
[Result "1-0"]
[WhiteElo "2252"]
[BlackElo "2213"]
[EventDate "2008.11.13"]

1. d4 Nf6 2. Nf3 g6 3. c4 c5 4. Nc3 cxd4 5. Nxd4 Bg7 6. g3 O-O 7. Bg2 Nc6
8. O-O Re8 9. h3 a6 10. Be3 e6 11. c5 Ne5 12. Qb3 Rb8 13. Rfd1 b5 14. a4 b4
15. f4 Qc7 16. Ncb5 axb5 17. Nxb5 Rxb5 18. axb5 Nd5 19. fxe5 Bb7 20. Bxd5
exd5 21. Rac1 Bxe5 22. Bf2 Re6 23. Rd3 Qa5 24. b6 Qb5 25. Rxd5 Qxe2 26.
Rxd7 Bc6 27. Re1 Qh5 28. Rd8+ Be8 29. b7 Qxh3 30. b8=Q Bxb8 31. Rxe8+ 1-0